000 00696nam a22002057a 4500
999 _c4541
_d4541
003 AR-CdUCM
008 190308b ||||| |||| 00| 0 spa d
040 _aMUNICIPALIDAD PROVINCIAL DEL CUSCO
_cBIBLIOTECA MUNICIPAL DEL CUSCO
082 _a801.951 /
_bT37
100 _aTenicela Ponce, Juan
_914215
245 _aEl alacrán /
260 _aLima :
_c2007.
300 _a105 paginas ;
_c20 cm.
505 _aContenido : Viejos y viejas -- Viejas son las ilusiones -- Viejos son los recuerdos -- Viejas son las costumbres ...
650 _aLiteratura peruana
_9169
650 _aLiteratura latinoamericana
_91143
650 _aLiteratura universal
_9611
942 _2ddc
_cLIBROS
945 _arah